| 000 | 00393nam a2200169Ia 4500 | ||
|---|---|---|---|
| 008 | 221030s9999 xx 000 0 und d | ||
| 020 | _a8174462651 | ||
| 041 | _aEnglish | ||
| 082 |
_a105.23 _bBal |
||
| 100 | _aN. Balwani | ||
| 245 | 0 | _aAccounting & Finance For Managers | |
| 250 | _a608 | ||
| 260 |
_bExcel Books _aNew Delhi _c2003 |
||
| 300 | _a608 | ||
| 650 | _aManagement | ||
| 942 | _cBK | ||
| 999 |
_c2450 _d2450 |
||